Państwa na literę E - Statystyki

Ogólne statystyki
  • Ten quiz został rozwiązany 210 razy
  • Średni wynik to 5 z 6
Statystyki odpowiedzi
Państwo Kontynent Powierzchnia Liczba ludności % Poprawnych
Estonia Europa 45 226 km² 1 340 122
98%
Ekwador Ameryka Południowa 283 560 km² 13 928 000
94%
Erytrea Afryka 121 320 km² 5 028 000
84%
Egipt Afryka 1 001 450 km² 80 471 869
83%
Etiopia Afryka 1 127 127 km² 81 238 000
82%
Eswatini Afryka 17 363 km² 1 138 227
73%
Nie znaleziono quizów pasujących do podanych kryteriów
Rozkład punktacji
Procent ludzi z każdym wynikiem
Percentyl według liczby udzielonych odpowiedzi
Twoja historia wyników
Nie rozwiązałeś tego quizu